<?xml version="1.0" encoding="UTF-8"?>
<collection xmlns="http://www.loc.gov/MARC21/slim">
 <record>
  <leader>01428nam a2200205Ia 4500</leader>
  <controlfield tag="001">CTU_94191</controlfield>
  <controlfield tag="008">210402s9999    xx            000 0 und d</controlfield>
  <datafield tag="082" ind1=" " ind2=" ">
   <subfield code="a">658.5</subfield>
  </datafield>
  <datafield tag="082" ind1=" " ind2=" ">
   <subfield code="b">O.38</subfield>
  </datafield>
  <datafield tag="100" ind1=" " ind2=" ">
   <subfield code="a">Ohno, Taiichi</subfield>
  </datafield>
  <datafield tag="245" ind1=" " ind2="0">
   <subfield code="a">Just-in-time for today and tomorrow</subfield>
  </datafield>
  <datafield tag="245" ind1=" " ind2="0">
   <subfield code="c">Taiichi Ohno, Setsuo Mito</subfield>
  </datafield>
  <datafield tag="260" ind1=" " ind2=" ">
   <subfield code="a">Cambridge</subfield>
  </datafield>
  <datafield tag="260" ind1=" " ind2=" ">
   <subfield code="b">Productivity Press</subfield>
  </datafield>
  <datafield tag="260" ind1=" " ind2=" ">
   <subfield code="c">1988</subfield>
  </datafield>
  <datafield tag="520" ind1=" " ind2=" ">
   <subfield code="a">The book is written in a rather weird format. Every chapter (there is just three of them) starts of with a theme. Then a dialog between Taiichi Ohno and Setsuo Mito. After the dialog there are some notes which seem to be written by Setsuo Mito (which makes him the main author and Ohno just verbally involved). The first chapter mainly talks about JIT. The second chapter focuses on being driven by the customer. The customer should pull the products. The third chapter talks about gemba management. One of the more interesting things of the book is the talk and comparison between TPS and the Japanese seven eleven stores. It explains how both of them have the same purpose and came to the same conclusions. This is interesting since it seems to mirror somewhat the discussions in Lean Solutions book from Womack and Jones, published 20 years later. In that sense, the book was ahead of its time.</subfield>
  </datafield>
  <datafield tag="650" ind1=" " ind2=" ">
   <subfield code="a">Just-in-time systems</subfield>
  </datafield>
  <datafield tag="650" ind1=" " ind2=" ">
   <subfield code="z">Japan</subfield>
  </datafield>
  <datafield tag="904" ind1=" " ind2=" ">
   <subfield code="i">Giang</subfield>
  </datafield>
  <datafield tag="980" ind1=" " ind2=" ">
   <subfield code="a">Trung tâm Học liệu Trường Đại học Cần Thơ</subfield>
  </datafield>
 </record>
</collection>
